|
|
|
|
| LEADER |
00831cam a2200217 7i4500 |
| 001 |
0000044110 |
| 005 |
20121102090000.0 |
| 020 |
|
|
|a 9793465395 (pbk.)
|
| 090 |
0 |
0 |
|a KNW479
|b .N87 2004
|
| 100 |
1 |
|
|a Nuruddin, Amiur,
|c Dr
|
| 245 |
1 |
0 |
|a Hukum perdata Islam di Indonesia :
|b (studi kritis perkembangan hukum Islam dari fikih, UU no. 1/1974 sampai KHI)
|c Dr. Amiur Nuruddin, Drs. Azhari Akmal Tarigan.
|
| 260 |
|
|
|a Rawamangun, Jakarta, Indonesia:
|b Kencana,
|c 2004.
|
| 300 |
|
|
|a viii, 323 p.;
|c 21 cm.
|
| 650 |
0 |
0 |
|a Islamic law --
|z Indonesia
|
| 650 |
0 |
0 |
|a Islam and state --
|z Indonesia
|
| 700 |
0 |
|
|a Azhari Akmal Tarigan
|
| 710 |
0 |
0 |
|a Indonesia
|
| 997 |
|
|
|a Centre for Graduate Studies
|
| 998 |
|
|
|a Education Management, Master
|
| 998 |
|
|
|a Curriculum Management, Master
|
| 999 |
|
|
|a 0000053895
|b BOK
|c OPEN SHELF
|e 1st Floor, Shah Alam
|